000 00481nam a2200181Ia 4500
005 20250508163906.0
008 008 250505s9999 xx 000 0 hin d
037 _aTextual
040 _aFEDL
_beng
_cFEDL
041 _ahin
_2hin
084 _a891.434, JOS
_qFEDL
100 _aJoshi Manohar Shyam
245 0 _a21vi Sadi
260 _aNew Delhi, India
_bVani Prakashan
_c2001
300 _a338p.
942 _cTEXL
_h891.434, JOS
999 _c1385821
_d1385821